000 01223cam a22002893a 4500
001 12478
003 PGUSA
005 20140828083252.0
008 040501s2004||||xxu|||||s|||||000 p eng d
040 _aPGUSA
_beng
042 _adc
050 4 _aPN
100 1 _aStrachey, Lytton,
_d1880-1932
245 1 0 _aBooks and Characters, French and English
_h[electronic resource] /
_cLytton Strachey
260 _bProject Gutenberg,
_c2004
505 0 _aRacine -- Sir Thomas Browne -- Shakespeare's final period -- The lives of the poets -- Madame du Deffand -- Voltaire and England -- A dialogue -- Voltaire's tragedies -- Voltaire and Frederick the Great -- The Rousseau affair -- The poetry of Blake -- The last Elizabethan -- Henri Beyle -- Lady Hester Stanhope -- Mr. Creevey.
506 _aPublic domain in the USA.
516 _aElectronic text
653 _aAuthors, English -- Biography
653 _aFrench literature -- History and criticism
653 _aAuthors, French -- Biography
653 _aEnglish literature -- History and criticism
740 0 _aBooks and Characters French and English
830 0 _aProject Gutenberg
_v12478
856 4 0 _uhttp://www.gutenberg.org/ebooks/12478
942 _cEB
999 _c241733
_d241733